Escuelas eficaces y profesores eficientes

Saved in:
Bibliografiske detaljer
Main Authors: Davis, Gary A (Author), Thomas, Margaret A (Author)
Format: Bog
Sprog:spansk
Udgivet: Madrid La Muralla 2007
Udgivelse:3a. ed
Fag:
Tags: Tilføj Tag
Ingen Tags, Vær først til at tagge denne postø!

MARC

LEADER 00000nam a2200000 a 4500
001 UCH3758
003 CL-VaPUC
008 090813e20070000SP |||||||||||||||||spa|d
020 |a 9788471336132 
082 0 4 |a 370.11  |b DAV  |2 21 
100 |a Davis, Gary A  |e author  |9 539242 
700 0 |a Thomas, Margaret A  |e author  |9 539243 
245 1 0 |a Escuelas eficaces y profesores eficientes 
250 |a 3a. ed 
300 |a 258 p 
942 |c BK 
945 |d 20090813 00:00:00  |a dcastane 
260 |a Madrid  |b La Muralla  |c 2007 
650 0 |a Calidad de la educación   |9 307271 
650 0 |a Formación profesional de profesores  |9 307493 
650 0 |a Formación docente   |9 494449 
583 |a last modification  |c 20090813 00:00:00  |k Rodrigo Vera 
999 |c 335191  |d 335189 
952 |0 0  |1 0  |4 0  |6 370_110000000000000_DAV_2007  |7 0  |8 A  |9 424870  |a BIBHIS  |b BIBHIS  |d 2019-11-22  |i 4589238  |o 370.11 DAV 2007  |p 4589238  |r 2025-01-20  |w 2019-11-22  |y BK  |k HIS